000 00707cam a22002413a 4500
001 24250
003 PGUSA
005 20140828083522.0
008 080111s2008||||xxu|||||s|||||000 | eng d
040 _aPGUSA
_beng
042 _adc
050 4 _aPC
100 1 _aLuria, Max Aaron,
_d1891-
245 1 0 _aLecturas fáciles con ejercicios
_h[electronic resource] /
_cMax Aaron Luria
260 _bProject Gutenberg,
_c2008
506 _aPublic domain in the USA.
516 _aElectronic text
653 _aSpanish language -- Composition and exercises
653 _aSpanish language -- Readers
830 0 _aProject Gutenberg
_v24250
856 4 0 _uhttp://www.gutenberg.org/ebooks/24250
942 _cEB
999 _c253505
_d253505